000 00686nam a2200181Ia 4500
008 100921s9999 xx 000 0 und d
082 _b21373
_a808.068 थ 81
100 _aमहाजन जगन्नाथ.
245 _aसात राजपूत्र.
260 _bश्रीराम बुक एजन्सी, पुणे.
_c1981
300 _a32
_bभारत न्यूज एजन्सी,वाई
365 _b2
520 _aललित-बालवाङ्रमय.
630 _aसात राजपूत्र.
650 _aललित-बालवाङ्रमय.
730 _aसात राजपूत्र.
942 _cBOOK
999 _c770486
_d770483